| 000 | 00377nam a2200157Ia 4500 | ||
|---|---|---|---|
| 008 | 130318s9999 xx 000 0 und d | ||
| 020 | _a9812402284 | ||
| 082 | _a910.285 KOR/G | ||
| 100 | _aKorte, George B | ||
| 245 | _aThe GIS book | ||
| 250 | _a5 | ||
| 260 |
_bThomson Learning _aBangalore _c2001 |
||
| 300 | _a387 | ||
| 650 | _aGEOGRAPHIC INFORMATION SYSTEMS | ||
| 650 | _aGIS | ||
| 999 |
_c893 _d893 |
||